000 00315nam a2200121Ia 4500
005 20251222143112.0
008 251222s9999||||xx |||||||||||||| ||spa||
082 _a330.983/A43
100 _aAllende, Salvador
245 0 _aEl Pensamiento Económico del Gobierno de Allende
264 _bUniversitaria
942 _cLIB
999 _c11194
_d11194